Standard Form of Building Contract 1998 Edition (Record no. 99633)

MARC details
000 -LEADER
fixed length control field 00962cam a2200241 4500
001 - CONTROL NUMBER
control field ##L100516
008 - FIXED-LENGTH DATA ELEMENTS--GENERAL INFORMATION
fixed length control field 000000n1998 000 0 eng u
020 ## - INTERNATIONAL STANDARD BOOK NUMBER
International Standard Book Number 0418840504
035 ## - SYSTEM CONTROL NUMBER
System control number (Sirsi) u100189
041 0# - LANGUAGE CODE
Language code of text/sound track or separate title eng
050 04 - LIBRARY OF CONGRESS CALL NUMBER
Classification number 692.8 $2 18
110 2# - MAIN ENTRY--CORPORATE NAME
Corporate name or jurisdiction name as entry element Joint Contracts Tribunal
9 (RLIN) 3664
240 00 - UNIFORM TITLE
Uniform title JCT 98
245 00 - TITLE STATEMENT
Title Standard Form of Building Contract 1998 Edition
Remainder of title Local Authorities With Quantities
260 ## - PUBLICATION, DISTRIBUTION, ETC.
Place of publication, distribution, etc. London
Name of publisher, distributor, etc. RIBA Publications
Date of publication, distribution, etc. 1998
300 ## - PHYSICAL DESCRIPTION
Extent 104p.
Dimensions 30cm.
490 ## - SERIES STATEMENT
Series statement JCT Standard Form of Building Contract Local Authorities With Quantities (1998 Edition)
520 ## - SUMMARY, ETC.
Summary, etc. Superseded by SBC/Q : Standard Building Contract With Quantities 2005 (ISBN 0418823200).
650 24 - SUBJECT ADDED ENTRY--TOPICAL TERM
Topical term or geographic name entry element JCT STANDARD FORM OF BUILDING CONTRACT LOCAL AUTHORITIES WITH QUANTITIES (1998 EDITION)
690 ## - LOCAL SUBJECT ADDED ENTRY--TOPICAL TERM (OCLC, RLIN)
Topical term or geographic name as entry element BUILT ENVIRONMENT-BUILDING CONTRACT FORMS-STANDARD FORMS OF BUILDING CONTRACT-JOINT CONTRACTS TRIBUNAL CONTRACTS
942 ## - ADDED ENTRY ELEMENTS (KOHA)
Suppress in OPAC 0
Holdings
Withdrawn status Lost status Source of classification or shelving scheme Damaged status Not for loan Home library Current library Shelving location Date acquired Total Checkouts Full call number Barcode Date last seen Copy number Price effective from Koha item type
    Dewey Decimal Classification     London London Boxed set 01/10/1999   JCT 1998/19 30058988 06/08/2019 1 06/08/2019 Reference material